| 000 | 01320cam a2200337 i 4500 | ||
|---|---|---|---|
| 001 | 14635515 | ||
| 003 | EG-ScBUE | ||
| 005 | 20260503101449.0 | ||
| 008 | 061115t2006 enka f 000 0 eng d | ||
| 020 | _a0521872286 | ||
| 020 | _a9780521693950 | ||
| 035 | _a(OCoLC)ocm71777600 | ||
| 035 | _a(OCoLC)71777600 | ||
| 040 |
_aEQO _beng _erda _cEQO _dBAKER _dHKP _dDLC _dEG-ScBUE |
||
| 082 | 0 | 4 |
_a510 _222 _bBOL |
| 100 | 1 |
_aBollobas, Bela, _eauthor. _95267 |
|
| 245 | 1 | 4 |
_aThe art of mathematics : _bcoffee time in memphis / _cBela Bollobas. |
| 264 | 1 |
_aCambridge : _bCambridge University Press, _c[2006] |
|
| 264 | 4 | _cc2006 | |
| 300 |
_axv, 359 pages : _billustrations ; _c24 cm |
||
| 336 |
_2rdacontent _atext _btxt |
||
| 337 |
_aunmediated _2rdamedia _bn |
||
| 338 |
_avolume _bnc _2rdacarrier |
||
| 650 | 7 |
_aMathematics. _2BUEsh _95268 |
|
| 655 | _vReading book | ||
| 856 | 4 | 2 |
_3Publisher description _uhttp://www.loc.gov/catdir/enhancements/fy0703/2006299521-d.html |
| 856 | 4 | 1 |
_3Table of contents only _uhttp://www.loc.gov/catdir/enhancements/fy0703/2006299521-t.html |
| 856 | 4 | 2 |
_3Contributor biographical information _uhttp://www.loc.gov/catdir/enhancements/fy0733/2006299521-b.html |
| 942 |
_2ddc _cBB |
||
| 999 |
_c11633 _d11633 |
||